Statistics for Switzerland 2022 FIFA World Cup Squad

Click here to take the quiz!

General Stats

  • This quiz has been taken 729 times
    (692 since last reset)
  • The average score is 13 of 27

Answer Stats

#PositionPlayer% Correct
10MF ©Granit Xhaka
92%
1GKYann Sommer
92%
23MFXherdan Shaqiri
88%
7FWBreel Embolo
77%
5DFManuel Akanji
75%
13DFRicardo Rodriguez
66%
9FWHaris Seferović
60%
21GKGregor Kobel
58%
22DFFabian Schär
57%
8MFRemo Freuler
56%
6MFDenis Zakaria
51%
4DFNico Elvedi
51%
17FWRuben Vargas
48%
15MFDjibril Sow
44%
3DFSilvan Widmer
40%
ManagerMurat Yakin
37%
2DFEdimilson Fernandes
33%
12GKJonas Omlin
33%
19FWNoah Okafor
32%
20MFFabian Frei
30%
16MFChristian Fassnacht
28%
11MFRenato Steffen
28%
18DFEray Cömert
26%
25MFFabian Rieder
24%
24GKPhilipp Köhn
23%
26MFArdon Jashari
21%
14MFMichel Aebischer
20%

Score Distribution

Percentile by Number Answered

Percent of People with Each Score

Your Score History

You have not taken this quiz since the last reset